00650nam a2200241 a 4500001001300000003000900013005001700022008004100039020000800080082001500088100001900103245003700122260003500159300000900194500003500203505001300238650001500251700001900266902000800285942000700293952009300300999001500393nice12345678IN_TiNIC20260116012040.0050524s1958 newa grp 000 0 eng  ac900a923.2bJON aJones, Stanley aMahatma Gandhi an Interpretation aNew YorkbAbingdon Pressc1958 a160p aincludes index and biblioraphy2 aAppendix aGandhi M K1 aJones, Stanley bSRS cBK 00104070aHMIbHMId2007-06-06g9.00l0o923.2 JONp05862r2007-06-06w2026-01-16yEB c5424d5424